000 00473nam a22001697a 4500
003 MPLRDC
005 20220104150107.0
008 210129b ||||| |||| 00| 0 eng d
082 _a047.2 MML v.3
100 _a陈清霖总编辑
245 _a麦米兰少年百科全书, 我们的世界, 第三册, 植物
_c
260 _a
_b麦米兰东南亚有限公司
_c1981
300 _b
490 _a麦米兰少年百科全书
650 _a
942 _cBK
_o047.2 MML v.3
999 _c51684
_d51674